00314nam a2200133Ia 4500008004100000020001500041041001200056082001600068100001500084245002200099260003200121300000800153650001900161221030s9999 xx 000 0 und d a8170081696 aEnglish a105.23bBal aN. P. Bali 0aIntegral Calculus bLaxmi Pub.aNew Delhic2001 a731 aBB Mathematics